000 00445nam a2200157Ia 4500
008 100122s9999 xx 000 0 und d
082 _b8949
_a823
100 _aजोशी एकनाथ विश्वनाथ
245 _aरानभूल (28/2)
250 _a1
260 _bमौज प्रकाशन
_c1957
300 _a221
630 _aरानभूल (28/2)
730 _aरानभूल (28/2)
942 _cBOOK
999 _c401091
_d401088